000 00636cam a2200205 4500
001 D16031
008 090401t1980 xxu||||| |||| 00| 0 eng d
035 _a(Sirsi) u26676
041 _aeng
050 _a332.63240973
110 _aRoyal Institution of Chartered Surveyors
_94900
245 _aReal estate investment in the United States. One-day conference at The Inn on the Park, London, W.1, 2nd May, 1980
260 _bRICS
_c1980
300 _a4 items
350 _a0
520 _aFiled in box 1980/29 . Papers also catalogued separately.
710 _aGeneral Practice Division
_9752
942 _n0
948 _c04/03/1997
999 _c88965
_d88965